| 000 | 00838nam a2200229 a 4500 | ||
|---|---|---|---|
| 001 | 43987 | ||
| 003 | BD-RjUL | ||
| 005 | 20211209053800.0 | ||
| 008 | 160712s1966 xxu||||| |||| 00| 0 ben d | ||
| 035 | _a(BD-RjUL)44105 | ||
| 040 |
_aBD-RjUL _bben _cBD-RjUL |
||
| 041 | _aben | ||
| 082 |
_223 _a297 _bISL 1966 |
||
| 245 | 0 | 0 |
_aইছলাম সোপান / _cইব্রাহীম খাঁ, আহছানউল্লা সংকলিত |
| 260 |
_aঢাকা : _bবাংলা একাডেমী, _c১৯৬৬ ? |
||
| 300 |
_a৪১৮ পৃ. ; _c২৬ সেমি . |
||
| 650 |
_aইসলাম _9135119 |
||
| 650 |
_aIslam _9135120 |
||
| 700 |
_aইব্রাহীম খাঁ, সংকলক _9135121 |
||
| 700 |
_aআহছানউল্লা সংকলক _9135122 |
||
| 942 |
_2ddc _cBK |
||
| 999 |
_c43987 _d43987 |
||